| 000 | 00823cab a2200253 4500 | ||
|---|---|---|---|
| 001 | WB3507-30 | ||
| 008 | 090401t1999 xxu||||| |||| 00| 0 eng d | ||
| 035 | _a(Sirsi) u91393 | ||
| 041 | _aeng | ||
| 245 | _aEC funds research | ||
| 260 | _c1999 | ||
| 350 | _a0 | ||
| 490 |
_aBuilding Design _v(1382) 12 February 1999, 5(1) |
||
| 520 | _aThe EC is funding a £3.4m research programme to develop prefabricated components for housing across Europe. The project aims to cut construction costs and time by 30% and reduce defects on completion by 60%. | ||
| 650 | _aCOST REDUCTION | ||
| 650 | _aEUROPEAN COMMISSION | ||
| 650 | _aFUTURE-HOME | ||
| 650 | _aLEAN CONSTRUCTION | ||
| 650 | _aLOW-COST HOUSING | ||
| 650 | _aPREFABRICATED HOUSING | ||
| 690 | _aHOUSING-DEVELOPMENT | ||
| 942 | _n0 | ||
| 948 | _c17/02/1999 | ||
| 999 |
_c58014 _d58014 |
||